Language Quiz

Random Language or Spanish Quiz

Which Romance Language? Quiz Stats

Quiz Updated Apr 29, 2015

Challenge
Share
Tweet
Embed
Score 0/11 Timer 03:00
0 Plays Today
% Correct
Spanish
91.7%
French
90.6%
Italian
87.5%
Latin
73.7%
Portuguese
49.9%
Haitian Creole
36.3%
Romanian
36.3%
Catalan
34.4%
Romansh
30.3%
Esperanto
27.4%
Sardinian
24.5%

You're not logged in!

Compare scores with friends on all Sporcle quizzes.
Sign Up with Email
OR
Log In

You Might Also Like...

Show Comments

Extras

Top Quizzes Today


Score Distribution

Your Account Isn't Verified!

In order to create a playlist on Sporcle, you need to verify the email address you used during registration. Go to your Sporcle Settings to finish the process.